[Event "RUS-chT U14"]
[Site "Sochi"]
[Date "2015.05.06"]
[Round "6.2"]
[White "Sinyaev, Nil"]
[Black "German, Nikita"]
[Result "0-1"]
[WhiteElo "1653"]
[BlackElo "2013"]
[PlyCount "60"]
[EventDate "2015.05.01"]
[EventType "team-swiss"]
[EventRounds "7"]
[EventCountry "RUS"]
[SourceTitle "EXT 2018"]
[Source "ChessBase"]
[SourceDate "2017.10.13"]
[SourceVersion "1"]
[SourceVersionDate "2017.10.13"]
[SourceQuality "1"]

1. e4 c5 2. Nf3 e6 3. d4 cxd4 4. Nxd4 a6 5. Nc3 Qc7 6. a3 b5 7. Bd3 Bb7 8. 0-0 Nf6 9. Bg5 Be7 10. Re1 d6 11. h3 0-0 12. Re3 Nbd7 13. Rg3 Kh8 14. Qe2 Rfe8 15. Kh1 Rad8 16. Re1 h6 17. Bd2 Nb6 18. f4 d5 19. e5 Ne4 20. Bxe4 dxe4 21. Nb3 Bh4 22. Rg4 Bxe1 23. Qxe1 Nc4 24. Bc1 e3 25. Bxe3 Nxb2 26. Bc1 Na4 27. Bd2 Rxd2 28. Nxa4 Rxc2 29. Nac5 Rxc5 30. Nxc5 Qxc5 0-1

[Event "RUS-chT U14"]
[Site "Sochi"]
[Date "2015.05.03"]
[Round "3.4"]
[White "Smelykh, Edvin"]
[Black "Sinyaev, Nil"]
[Result "0-1"]
[WhiteElo "1238"]
[BlackElo "1653"]
[PlyCount "42"]
[EventDate "2015.05.01"]
[EventType "team-swiss"]
[EventRounds "7"]
[EventCountry "RUS"]
[SourceTitle "EXT 2018"]
[Source "ChessBase"]
[SourceDate "2017.10.13"]
[SourceVersion "1"]
[SourceVersionDate "2017.10.13"]
[SourceQuality "1"]

1. e4 e5 2. Nf3 Nc6 3. Bb5 a6 4. Bxc6 dxc6 5. 0-0 Bd6 6. d4 Bg4 7. c3 Nf6 8. Nbd2 0-0 9. Re1 Re8 10. Qc2 Qd7 11. Nh4 Rad8 12. f3 Bh5 13. Nf5 Bg6 14. Ng3 exd4 15. cxd4 Bxg3 16. hxg3 Qxd4+ 17. Kf1 Nh5 18. Ke2 Nxg3+ 19. Kd1 Nxe4 20. fxe4 Bh5+ 21. Re2 Qg1# 0-1

[Event "RUS-chT U14"]
[Site "Sochi"]
[Date "2015.05.01"]
[Round "1.4"]
[White "Sinyaev, Nil"]
[Black "Bogolepov, Grigory"]
[Result "1/2-1/2"]
[WhiteElo "1653"]
[BlackElo "1944"]
[PlyCount "120"]
[EventDate "2015.05.01"]
[EventType "team-swiss"]
[EventRounds "7"]
[EventCountry "RUS"]
[SourceTitle "EXT 2018"]
[Source "ChessBase"]
[SourceDate "2017.10.13"]
[SourceVersion "1"]
[SourceVersionDate "2017.10.13"]
[SourceQuality "1"]

1. e4 c5 2. Nf3 Nc6 3. d4 cxd4 4. Nxd4 e6 5. Nc3 Qc7 6. Ndb5 Qb8 7. Bd3 a6 8. Na3 b5 9. Ne2 Nf6 10. 0-0 Bd6 11. h3 Be7 12. c4 b4 13. Nc2 0-0 14. b3 Bb7 15. Bb2 Ne5 16. Ng3 h5 17. f4 Bc5+ 18. Kh2 Nxd3 19. Qxd3 Qd8 20. Bxf6 Qxf6 21. Nxh5 Qh6 22. Ng3 Rfd8 23. Ne3 d5 24. exd5 Bxe3 25. Qxe3 exd5 26. Nf5 Qe6 27. Ne7+ Kh7 28. Qxe6 fxe6 29. cxd5 exd5 30. Rad1 d4 31. Nf5 d3 32. Rf2 Rac8 33. Rfd2 Rc2 34. Ne3 Rxd2 35. Rxd2 Be4 36. Nd1 Re8 37. Nf2 Bf5 38. Rd1 Rc8 39. Nxd3 Rd8 40. Nb2 Rxd1 41. Nxd1 Bb1 42. Kg1 Bxa2 43. Kf2 Bxb3 44. Ke1 a5 45. Kd2 a4 46. Ne3 a3 47. Kc1 a2 48. Kb2 Bf7 49. g4 b3 50. h4 Kg6 51. Nf1 Kf6 52. h5 Ke6 53. Ng3 Kd5 54. g5 Kd4 55. h6 gxh6 56. gxh6 Bg8 57. Ne2+ Ke4 58. Nc1 Kxf4 59. Nxb3 Kg5 60. Kxa2 Bxb3+ 1/2-1/2